000 00581nam a2200181Ia 4500
003 GCL
008 140319s9999 xx 000 0 ara d
040 _aGCL /
_cGCL
082 0 4 _a808.84
_bس م
100 1 _aسلامة احمد سلامة
245 1 0 _aمن قريب : مناطق رمادية /
_cسلامة احمد سلامة
300 _a285 ص
490 _aالهيئة العامة للاستعلامات
_v0
650 0 4 _aالمقالات العربية
650 0 4 _aالمقالات
650 0 4 _aالمقالات الغربية - مجموعات
942 _2ddc
_cBK
999 _c48424
_d48424